Analýza trestných činov na Slovensku v regionálnom porovnaní s využitím viacrozmerných štatistických metód bakalárska práca

Saved in:
Bibliographic Details
Main Author: Figurová, Kristína
Corporate Author: Fakulta hospodárskej informatiky EU. Katedra štatistiky
Other Authors: Dúžik, Ondrej, 1989-
Format: Book
Language:Slovak
Published: Bratislava 2017
Tags: Add Tag
No Tags, Be the first to tag this record!

MARC

LEADER 00000nbm a2200000 4500
001 0235527
005 20171107132229.3
041 0 |a slo 
044 |a SK 
245 1 0 |a Analýza trestných činov na Slovensku v regionálnom porovnaní s využitím viacrozmerných štatistických metód  |b bakalárska práca  |c Kristína Figurová ; školiteľ: Ondrej Dúžik 
264 1 |a Bratislava  |c 2017 
300 |a 40 s. 
100 1 |a Figurová, Kristína 
700 1 |a Dúžik, Ondrej, 1989- 
710 2 |a Fakulta hospodárskej informatiky EU. Katedra štatistiky